| 000 | 00418nam a2200181Ia 4500 | ||
|---|---|---|---|
| 001 | 16841 | ||
| 005 | 20260306170340.0 | ||
| 008 | 260306t1992||||xx |||||||||||||| ||und|| | ||
| 041 | _aESP | ||
| 082 |
_a657.044 _bCH565 T. 1 |
||
| 100 |
_aChong, Esteban _eAUT |
||
| 245 | 0 | _aContabilidad intermedia texto impreso | |
| 260 | _c1992 | ||
| 300 |
_a _c |
||
| 650 | _aGEN | ||
| 654 | _aCCO | ||
| 942 |
_cLIB _dJUS _fJUS _2ddc _n |
||
| 999 |
_c16841 _d16841 |
||